000 00436nam a22001697a 4500
003 NUST - PNEC
005 20170116181052.0
008 150929b xxu||||| |||| 00| 0 eng d
020 _a0170114198
040 _cLIBRARY
082 _a658.45 MOH
100 _911929
_aMohan Terry
245 _aCommunicating as professionals
_cTerry Mohan
260 _cc2004
650 _911663
_aCommunication in management
_xComm
942 _2ddc
_cBK
999 _c68426
_d68426